| 000 | 005790000a22001810004500 | ||
|---|---|---|---|
| 003 | MACL | ||
| 005 | 20160421165528.0 | ||
| 008 | 160421b xxu||||| |||| 00| 0 eng d | ||
| 040 |
_aMACL _cMACL |
||
| 041 | _aHindi | ||
| 082 | _a800 | ||
| 100 |
_aशुक्ल आचार्य रामचंद्र _940080 |
||
| 245 | _aमलिक मुहम्मद जायसी | ||
| 260 |
_bनागरीप्रचारिणी सभा _aनई दिल्ली |
||
| 350 | _a100 | ||
| 650 |
_aHindi Literature _953272 |
||
| 942 |
_cHIN _k800/SHU/L _2ddc |
||
| 999 |
_c12664 _d12664 |
||